Noticia de las materias relativas a ciencias médicas, que ocuparon al Quinto Congreso Científico Italiano, reunido en Lucca en setiembre de 1843 / (Record no. 37530)
[ view plain ]
| 000 -LEADER | |
|---|---|
| campo de control de longitud fija | 00777nam a2200193 i 4500 |
| 001 - NÚMERO DE CONTROL | |
| campo de control | 37530 |
| 003 - IDENTIFICADOR DE NÚMERO DE CONTROL | |
| campo de control | ES-MaACL |
| 005 - FECHA Y HORA DE LA ÚLTIMA TRANSACCIÓN | |
| campo de control | 20250720063042.0 |
| 007 - CAMPO FIJO DE DESCRIPCIÓN FÍSICA--INFORMACIÓN GENERAL | |
| campo de control de longitud fija | t| |
| 008 - DATOS DE LONGITUD FIJA--INFORMACIÓN GENERAL | |
| campo de control de longitud fija | 030317s1844 sp |||| | spa d |
| 100 1# - ENTRADA PRINCIPAL--NOMBRE DE PERSONA | |
| Nombre de persona | Colmeiro, Miguel, |
| Fechas asociadas al nombre | 1816-1901 |
| 9 (RLIN) | 39771 |
| 245 10 - MENCIÓN DEL TÍTULO | |
| Título | Noticia de las materias relativas a ciencias médicas, que ocuparon al Quinto Congreso Científico Italiano, reunido en Lucca en setiembre de 1843 / |
| Mención de responsabilidad, etc. | por Miguel Colmeiro. |
| 260 ## - PUBLICACIÓN, DISTRIBUCIÓN, ETC. | |
| Lugar de publicación, distribución, etc. | [S.l. : |
| Nombre del editor, distribuidor, etc. | s.n., |
| Fecha de publicación, distribución, etc. | 1844?] |
| 300 ## - DESCRIPCIÓN FÍSICA | |
| Extensión | 25 p. ; |
| Dimensiones | 20 cm. |
| 500 ## - NOTA GENERAL | |
| Nota general | Discurso publicado en el Rep. méd. de Barcelona de enero de 1844. |
| 594 ## - Nota al título y mención de responsabilidad | |
| Nota al título y mención de responsabilidad | Datos tomados del principio del texto. |
| 852 ## - LOCALIZACIÓN | |
| Ubicación | ES-MaACL |
| Número de control de estantería | C-12063(6) |
| Nota libre | - Encuadernado con otras obras |
| condición física | - Ejemp. sin portada |
| Estatus retirado | Estado de pérdida | Estado de daño | No para préstamo | Colección | Biblioteca de origen | Biblioteca actual | Ubicación en estantería | Fecha de adquisición | Fuente de adquisición | Total de préstamos | Signatura topográfica completa | Código de barras | Visto por última vez | Precio de reemplazo | Tipo de ítem Koha |
|---|---|---|---|---|---|---|---|---|---|---|---|---|---|---|---|
| Libros del s. XIX | Biblioteca del Ateneo de Madrid | Biblioteca del Ateneo de Madrid | Sala Palomar | 17/01/2008 | C-12063(6) | 1039504 | 23/02/2023 | 23/02/2023 | Libro impreso antiguo |
